[Event "ACT-ch"]
[Site "Canberra"]
[Date "2016.02.21"]
[Round "9"]
[White "Tobler, Peter"]
[Black "Hathiramani, Athena"]
[Result "1-0"]
[WhiteElo "1046"]
[BlackElo "1330"]
[PlyCount "141"]
[EventDate "2016.02.12"]
[EventType "swiss"]
[EventRounds "9"]
[EventCountry "AUS"]
[SourceTitle "CBM 171 Extra"]
[Source "ChessBase"]
[SourceDate "2016.04.26"]
[SourceVersion "1"]
[SourceVersionDate "2016.04.26"]
[SourceQuality "1"]

1. d4 Nf6 2. c4 g6 3. Nc3 Bg7 4. e4 d6 5. f4 0-0 6. Nf3 c6 7. Be3 a6 8. Be2 b5 9. a3 Qb6 10. c5 dxc5 11. dxc5 Qc7 12. Qb3 Be6 13. Qc2 Ng4 14. Bd2 Qd7 15. h3 Nf6 16. Rd1 Qc8 17. 0-0 Nh5 18. Kh2 Qc7 19. Ng5 Qc8 20. Bxh5 gxh5 21. e5 Bf5 22. Qc1 h6 23. Nge4 Qe6 24. Rf3 Kh8 25. Rd3 Qg6 26. Rg3 Qe6 27. h4 Nd7 28. b4 Rad8 29. Be1 Nb8 30. Rgd3 Rxd3 31. Rxd3 Qg6 32. Qe3 Rg8 33. Qe2 Bg4 34. Qf2 Bf5 35. Rg3 Qe6 36. Qd4 Bg4 37. a4 Qf5 38. Bd2 Nd7 39. Nf2 f6 40. Nxg4 hxg4 41. Qe4 Qh5 42. Be1 Qxh4+ 43. Rh3 g3+ 44. Bxg3 Qg4 45. Qxc6 Kh7 46. Nd5 fxe5 47. Nxe7 Rf8 48. Qe4+ Kh8 49. Ng6+ Kg8 50. Nxf8 Nxf8 51. Rh4 Qc8 52. a5 exf4 53. Bxf4 Qd8 54. Bxh6 Qc7+ 55. Bf4 Qf7 56. c6 Ng6 57. Rg4 Nxf4 58. Rxf4 Qh5+ 59. Rh4 Be5+ 60. Kh3 Qe8 61. Qh7+ Kf8 62. Qf5+ Kg7 63. Rg4+ Kh8 64. Rh4+ Kg8 65. Qh7+ Kf8 66. Rg4 Qe6 67. Qg6 Qb3+ 68. Kh4 Qd5 69. Qf5+ Ke7 70. Re4 Kd6 71. Qd7# 1-0

[Event "SM-2015-0-00321"]
[Site "LSS email"]
[Date "2015.04.12"]
[Round "?"]
[White "Oliynyk, Valery"]
[Black "Tobler, Peter"]
[Result "1/2-1/2"]
[WhiteElo "2364"]
[BlackElo "2273"]
[PlyCount "72"]
[EventDate "2015.02.16"]
[EventType "tourn (corr)"]
[EventRounds "6"]
[EventCountry "GER"]
[SourceTitle "Corr 2022"]
[Source "ChessBase"]
[SourceDate "2021.10.24"]
[SourceVersion "1"]
[SourceVersionDate "2021.10.24"]
[SourceQuality "1"]

1. e4 e5 2. Bc4 Nf6 3. d3 Bc5 4. Nf3 d6 5. c3 0-0 6. Nbd2 c6 7. d4 exd4 8. cxd4 Bb6 9. Bd3 Bg4 10. Qc2 Na6 11. a3 h6 12. 0-0 Nc7 13. e5 Nfd5 14. h3 Bh5 15. Bh7+ Kh8 16. g4 Bg6 17. Bxg6 fxg6 18. exd6 Ne6 19. Ne5 Nef4 20. Ndc4 Qh4 21. Bxf4 Nxf4 22. Nxb6 Nxh3+ 23. Kg2 Nf4+ 24. Kg1 axb6 25. f3 Ra5 26. Rae1 Qg3+ 27. Kh1 Rd5 28. d7 Kh7 29. Re4 Qh4+ 30. Kg1 Rf6 31. Qh2 Qxh2+ 32. Kxh2 g5 33. Kg3 b5 34. Ra1 Rfd6 35. a4 Rxd4 36. axb5 Rd2 1/2-1/2

[Event "SM-2015-0-00321"]
[Site "LSS email"]
[Date "2015.04.10"]
[Round "?"]
[White "Tobler, Peter"]
[Black "Steinke, Ruediger"]
[Result "1-0"]
[WhiteElo "2273"]
[BlackElo "2351"]
[PlyCount "101"]
[EventDate "2015.02.16"]
[EventType "tourn (corr)"]
[EventRounds "6"]
[EventCountry "GER"]
[SourceTitle "Corr 2022"]
[Source "ChessBase"]
[SourceDate "2021.10.24"]
[SourceVersion "1"]
[SourceVersionDate "2021.10.24"]
[SourceQuality "1"]

1. d4 Nf6 2. c4 e6 3. Nf3 d5 4. Nc3 Be7 5. Bf4 0-0 6. e3 c5 7. dxc5 Bxc5 8. a3 Nc6 9. Qc2 Qa5 10. Rd1 Be7 11. Be2 Ne4 12. cxd5 Nxc3 13. bxc3 exd5 14. 0-0 Rd8 15. a4 Qc5 16. Nd4 Bf6 17. Qb3 b6 18. Qb5 Ne7 19. Qxc5 bxc5 20. Nb3 c4 21. Nd4 Bd7 22. a5 Nc6 23. Bf3 Nxd4 24. exd4 Bb5 25. Rfe1 Rd7 26. g3 a6 27. h4 h6 28. Rb1 Kh7 29. h5 Rad8 30. Kf1 Kg8 31. Bc1 Be7 32. Bg2 Rb7 33. Re5 Rbd7 34. f4 Bf6 35. Re2 Be7 36. g4 Ba4 37. g5 Bd1 38. Re5 hxg5 39. fxg5 Bg4 40. Kf2 Be6 41. Rb6 Bd6 42. Re2 Ra8 43. Rc6 Bc7 44. Ra2 Bg4 45. Bf3 Bxf3 46. Kxf3 Re7 47. Ba3 Rd7 48. Bc5 Bd8 49. Kf4 Be7 50. Re2 Bxc5 51. dxc5 1-0

[Event "CP-2013-F-00001"]
[Site "LSS email"]
[Date "2013.08.25"]
[Round "?"]
[White "Tobler, Peter"]
[Black "Bergmann, Michael"]
[Result "1/2-1/2"]
[WhiteElo "2210"]
[BlackElo "2521"]
[PlyCount "44"]
[EventDate "2013.09.01"]
[EventType "tourn (corr)"]
[EventRounds "16"]
[EventCountry "GER"]
[SourceTitle "Corr 2022"]
[Source "ChessBase"]
[SourceDate "2021.10.24"]
[SourceVersion "1"]
[SourceVersionDate "2021.10.24"]
[SourceQuality "1"]

1. d4 Nf6 2. c4 e6 3. Nc3 Bb4 4. e3 0-0 5. Nge2 d5 6. a3 Bd6 7. Ng3 c5 8. dxc5 Bxc5 9. b4 Bd6 10. Bb2 Nc6 11. c5 Bb8 12. Be2 e5 13. Qd2 Be6 14. 0-0 d4 15. exd4 Nxd4 16. Nce4 Nxe4 17. Nxe4 Nb3 18. Qxd8 Rxd8 19. Rad1 Nd4 20. Bxd4 exd4 21. Bd3 g6 22. f4 Bc7 1/2-1/2

[Event "SM-2012-0-00228"]
[Site "LSS email"]
[Date "2012.11.16"]
[Round "?"]
[White "Wosch, Arkadiusz Janusz"]
[Black "Tobler, Peter"]
[Result "1/2-1/2"]
[WhiteElo "2176"]
[BlackElo "2164"]
[PlyCount "61"]
[EventDate "2012.10.28"]
[EventType "tourn (corr)"]
[EventRounds "6"]
[EventCountry "GER"]
[SourceTitle "Telechess CBM 161"]
[Source "ChessBase"]
[SourceDate "2014.07.16"]
[SourceVersion "1"]
[SourceVersionDate "2014.07.16"]
[SourceQuality "1"]

1. e4 c5 2. Nf3 d6 3. d4 cxd4 4. Nxd4 Nf6 5. Nc3 a6 6. Be3 e5 7. Nb3 Be7 8. f3 Be6 9. Qd2 h5 10. 0-0-0 Nbd7 11. Kb1 Qc7 12. Rc1 0-0 13. Nd5 Nxd5 14. exd5 Bf5 15. Bd3 Bxd3 16. Qxd3 a5 17. g4 e4 18. Qxe4 Rfe8 19. Qf4 a4 20. Nd2 a3 21. b3 Bf6 22. c3 g5 23. Qc4 Qxc4 24. Nxc4 b5 25. Nb6 Nxb6 26. Bxb6 Rac8 27. Rhe1 Rxe1 28. Rxe1 hxg4 29. fxg4 Rxc3 30. Re3 Rc8 31. Ba5 1/2-1/2

[Event "CP-2009-S-00002"]
[Site "LSS email"]
[Date "2012.05.08"]
[Round "?"]
[White "Figlio, Gino Franco"]
[Black "Tobler, Peter"]
[Result "1/2-1/2"]
[WhiteElo "2191"]
[BlackElo "2164"]
[PlyCount "53"]
[EventDate "2012.05.11"]
[EventType "tourn (corr)"]
[EventRounds "6"]
[EventCountry "GER"]
[SourceTitle "Telechess CBM 161"]
[Source "ChessBase"]
[SourceDate "2014.07.16"]
[SourceVersion "1"]
[SourceVersionDate "2014.07.16"]
[SourceQuality "1"]

1. d4 Nf6 2. c4 g6 3. Nc3 d5 4. cxd5 Nxd5 5. e4 Nxc3 6. bxc3 Bg7 7. Bc4 c5 8. Ne2 Nc6 9. Be3 0-0 10. 0-0 e6 11. dxc5 Qa5 12. f4 Rd8 13. Qc2 Bf8 14. f5 Bxc5 15. Nd4 Ne5 16. Be2 Qc7 17. Rac1 exf5 18. exf5 Re8 19. Kh1 Bxd4 20. Bxd4 Bxf5 21. Rxf5 gxf5 22. Qxf5 Re6 23. Rf1 Rae8 24. Bd1 Nc6 25. Bb3 Nxd4 26. cxd4 R6e7 27. Qg5+ 1/2-1/2